Východiska technického a organizačního zabezpečení ochrany obyvatelstva /

Saved in:
Bibliographic Details
Main Authors: Řehák, David (Author), Folwarczny, Libor (Author)
Format: Book
Language:Czech
Published: Ostrava SPBI 2012
Edition:1. vyd.
Series:Spektrum XIX.
Subjects:
Tags: Add Tag
No Tags, Be the first to tag this record!

MARC

LEADER 00000nam a22000003a 4500
001 0029073
003 SK-STU
005 20171215082953.9
007 ta
008 171215s ----xo-----e------000-0-----d
020 |a 978-80-7385-117-0 
040 |a STU  |b slo 
041 0 |a cze 
044 |a xr 
100 1 |a Řehák, David  |4 aut 
245 1 0 |a Východiska technického a organizačního zabezpečení ochrany obyvatelstva /  |c aut. David Řehák, Libor Folwarczny 
250 |a 1. vyd. 
260 |a Ostrava  |b SPBI  |c 2012 
300 |a 89 s. 
490 0 |a Spektrum  |v XIX. 
650 0 7 |a ochrana obyvateľstva 
700 1 |a Folwarczny, Libor  |4 aut 
996 |b 284M087428  |c M* 13993-1  |l MMKN  |s A  |a 24  |w 0029073_0001